000 01018cad a22002295a 4500
001 E149570
008 100322s2010 fr d f s 000 0 eng d
035 _a(Sirsi) u149570
041 0 _aeng
050 0 4 _a333.33 $2 18
110 2 _aBNP Paribas Real Estate
_95715
245 0 0 _aEuropean office market 2010
_h[electronic resource]
260 _a[S.l]
_bBNP Paribas Real Estate
_c2010
490 0 _aBNP Paribas European Office Market
_v2010
520 _aSuggests that 2010 will be a difficult year for commercial real estate, with vacancy rates increasing and rents falling, although the prime markets should start to recover. Investment activity should start to return to normal in 2010.
590 _aKA
650 2 4 _aBNP PARIBAS EUROPEAN OFFICE MARKET
651 4 _aEurope
690 _aPROPERTY-COMMERCIAL PROPERTY-COMMERCIAL PROPERTY MARKET
856 4 0 _uhttps://www.realestate.bnpparibas.co.uk
_zView this report free of charge at www.realestate.bnpparibas.co.uk (see research section)...
942 _n0
999 _c110543
_d110543